000 00703nam a2200217Ii 4500
003 JO-AjNU
008 230605s9999||||xx |||||||||||||| ||und||
017 _a2003/7/1270
040 _aJO-AjNU
_bara
_erda
_cJO-AjNU
041 _aara
050 1 4 _aBP190.5 2003
100 3 _aإعداد إبراهيم، تمام,
_eauthor
_939469
245 0 0 _aلا تحزن إن الله معنا
250 _aط1
264 3 1 _aعمان: دار الخليج للنشر والتوزيع، 2003
300 _a80ص
336 _atext
_btxt
_2rdacontent
337 _aunmediated
_bn
_2rdamedia
338 _avolume
_bnc
_2rdacarrier
650 4 _aالاخلاق الاسلامية- الوعظ والارشاد
_939470
999 _aA16671
_c20239
_d20239